Paradas del Metro de Bilbao - Estadísticas

Estadísticas generales
  • Esta prueba ha sido intentada 191 veces
  • La puntuación promedio es 31 de 49
Estadísticas de respuestas
Líneas 1,2 y 3 % Correcto
San Mamés
94%
Abando
90%
Barakaldo
87%
Moyua
87%
Plentzia
86%
Casco Viejo
85%
Casco Viejo
85%
Basauri
83%
Portugalete
80%
Sopela
80%
Indautxu
79%
Leioa
79%
San Ignacio
79%
Santurtzi
76%
Sarriko
73%
Deustu
72%
Kabiezes
71%
Etxebarri
70%
Erandio
68%
Algorta
67%
Cruces
67%
Larrabasterra
67%
Neguri
66%
Santutxu
65%
Sestao
65%
Areeta
63%
Urduliz
63%
Ansio
62%
Lutxana
62%
Astrabudua
60%
Bolueta
60%
Ariz
55%
Berango
55%
Otxarkoaga
54%
Peñota
54%
Aiboa
53%
Gobela
51%
Ibarbengoa
51%
Bagatza
50%
Txurdinaga
48%
Bidezabal
47%
Lamiako
47%
Basarrate
45%
Abatxolo
42%
Urbinaga
41%
Matiko
40%
Kukullaga
38%
Uribarri
33%
Zurbaranbarri
33%
No se encontraron pruebas coincidentes
Distribución de puntuación
Porcentaje de gente con cada puntuación
Porcentaje por número respondido
Historial de tus puntuaciones
No has intentado esta prueba.